[Event "45th Olympiad 2024"]
[Site "Budapest HUN"]
[Date "2024.09.16"]
[Round "6.55"]
[Board "4"]
[White "Assaad, Joe"]
[Black "Forbes, Garry"]
[Result "1-0"]
[WhiteElo "2150"]
[BlackElo "1858"]
[PlyCount "53"]
[EventDate "2024.09.11"]
[WhiteTeam "Lebanon"]
[BlackTeam "Jersey"]
[WhiteTeamCountry "LBN"]

1. d4 g6 2. e4 Bg7 3. Nc3 d6 4. Be3 a6 5. h4 h6 6. Qd2 b5 7. O-O-O ({RR} 7. f3 Nd7 8. O-O-O Nb6 9. Nh3 Nf6 10. Nf4 Nfd7 11. Ncd5 Nxd5 12. exd5 Nb6 13. Bd3 Bb7 14. Bxg6 fxg6 15. Ne6 Qd7 16. Qd3 Kf7 17. h5 gxh5 18. Qf5+ Kg8 19. Qg6 Rh7 20. Bxh6 Qe8 21. Qg5 Qf7 {0-1 Naiditsch,A (2689)-Svidler,P (2754) FIDE World Cup 2009 (3.6)}) 7... c6 $146 ({RR} 7... Nd7 8. f3 Nb6 9. Bd3 c6 10. Kb1 Nc4 11. Bxc4 bxc4 12. Nge2 Rb8 13. Qe1 Qb6 14. Bc1 Nf6 15. Nf4 e5 16. dxe5 dxe5 17. Nfe2 Nd7 18. Rd6 Bf8 19. Rd1 Nc5 20. Qg3 Bg7 21. Qf2 Be6 22. g4 {½-½ Lazaro Pujol,A (1979)-Parals Marce,L (2071) Catalunya-chT Gp1 2018 (5.10)}) ({RR} 7... Bb7 8. f3 Nd7 9. g4 e6 10. Be2 Ne7 11. Nh3 c5 12. Nf2 Qc7 13. dxc5 dxc5 14. Bf4 Ne5 15. h5 g5 16. Bxe5 Bxe5 17. Nd3 O-O-O 18. Qe1 Bg3 19. Qg1 c4 20. Nb4 Bf4+ 21. Kb1 Rxd1+ 22. Bxd1 {0-1 Saragih,A (2245)-Kushko,D (2445) Titled Tue 30th Apr Early 2024 (1)}) ({RR} 7... Nd7 8. Nh3 c6 9. h5 g5 10. f4 gxf4 11. Nxf4 Nb6 12. Qf2 Nf6 13. e5 Ng4 14. Qg3 Nxe3 15. Qxg7 Kd7 16. Re1 Nxf1 17. exd6 Kxd6 18. Rhxf1 Qe8 19. Ne4+ Kc7 20. Qe5+ Kd8 21. Nc5 Bd7 22. d5 {1-0 Llaneza Vega,P (2153)-Parals Marce,L (2071) Catalunya-chT Gp1 2018 (6.9)}) 8. h5 g5 9. f4 gxf4 10. Bxf4 Nd7 11. Nf3 Nb6 12. e5 d5 13. g4 b4 14. Nb1 a5 15. Rg1 Nc4 16. Qf2 Qb6 17. g5 Be6 18. gxh6 Bxh6 19. Rxg8+ Rxg8 20. Bxh6 O-O-O 21. Nbd2 Rh8 22. Bg5 Rxh5 23. Bxe7 Rg8 24. Bc5 Qd8 25. Nxc4 dxc4 26. d5 Bxd5 27. Bxc4 1-0

[Event "45th Olympiad 2024"]
[Site "Budapest HUN"]
[Date "2024.09.16"]
[Round "6.56"]
[Board "1"]
[White "Gabriel, Davidson"]
[Black "Rakotomaharo, Fy Antenaina"]
[Result "0-1"]
[WhiteElo "2043"]
[BlackElo "2440"]
[PlyCount "68"]
[EventDate "2024.09.11"]
[WhiteTeam "Haiti"]
[BlackTeam "Madagascar"]
[WhiteTeamCountry "HAI"]
[BlackTeamCountry "MAD"]

1. d4 d5 2. c4 e6 3. Nf3 Nf6 4. g3 Be7 5. Bg2 O-O 6. O-O c6 7. Qc2 b6 8. Bf4 Bb7 9. Nbd2 Nh5 10. Be3 ({RR} 10. e3 Nd7 11. h4 Rc8 12. Rac1 h6 13. cxd5 Nxf4 14. exf4 cxd5 {½-½ Sargsyan,S (2639)-Yu Yangyi (2721) chess.com SpeedChess Q1Sw 2023 (7)}) 10... Nd7 ({RR} 10... Nf6 11. Bg5 Nbd7 12. e4 dxe4 13. Nxe4 c5 14. Nxf6+ Bxf6 15. Bxf6 Qxf6 16. Ng5 Qxg5 17. Bxb7 Rab8 18. Bc6 Nf6 19. dxc5 Qxc5 20. Bf3 Rfd8 21. Rad1 Qc7 22. b3 a5 23. Qe2 Nd7 24. h4 Nc5 25. h5 {0-1 Duran Vega,S (2356)-Ospina Castro,S (2016) 17th American Cont Blitz 2024 (3.39)}) 11. g4 $146 ({RR} 11. Rac1 Rc8 12. cxd5 cxd5 13. Qa4 a6 14. Ne5 b5 15. Qb3 Nb6 16. Rxc8 Qxc8 17. Ndf3 Nc4 18. Rc1 Nf6 19. Bg5 h6 20. Bxf6 Bxf6 21. Nd3 Be7 22. Qd1 Qa8 23. b3 Nd6 24. Nc5 Ne4 25. Ne5 Nxc5 {½-½ Osnos,V-Liberzon,V URS-ch36 Final 1968 (5)}) ({RR} 11. Rad1 f5 12. Nb1 Rc8 13. Bc1 Bd6 14. b3 Qe7 15. Bb2 Nhf6 16. Nbd2 Ne4 17. e3 c5 18. Rc1 Ndf6 19. dxc5 bxc5 20. Nb1 Rfd8 21. Nc3 dxc4 22. Nxe4 fxe4 23. Nd2 cxb3 24. axb3 Ba6 25. Nc4 Bb8 {½-½ Borges Matos,J (2474)-Campos Moreno,J (2494) Elche 1999 (2)}) 11... Nhf6 12. h3 c5 13. dxc5 bxc5 14. Bf4 d4 15. e3 dxe3 16. fxe3 Ne8 17. Rad1 Qc8 18. Ne4 Nef6 19. Nc3 Rd8 20. e4 Nf8 21. Rxd8 Qxd8 22. Rd1 Qb6 23. e5 N6d7 24. Ne4 Rd8 25. Re1 Ng6 26. Bg3 Qa5 27. Nc3 Nb8 28. b3 Nc6 29. Rd1 Rxd1+ 30. Nxd1 Nb4 31. Qd2 Qxa2 32. Qd7 Bc6 33. Qc8+ Bf8 34. Nf2 Qxb3 0-1

[Event "45th Olympiad 2024"]
[Site "Budapest HUN"]
[Date "2024.09.16"]
[Round "6.56"]
[Board "2"]
[White "Andrianiaina, Heritiana"]
[Black "Etienne, Angelo"]
[Result "1/2-1/2"]
[WhiteElo "2149"]
[BlackElo "2122"]
[PlyCount "185"]
[EventDate "2024.09.11"]
[WhiteTeam "Madagascar"]
[BlackTeam "Haiti"]
[WhiteTeamCountry "MAD"]
[BlackTeamCountry "HAI"]

1. e4 c5 2. Nf3 Nc6 3. d4 cxd4 4. Nxd4 Nf6 5. Nc3 e5 6. Ndb5 d6 7. Bg5 a6 8. Bxf6 gxf6 9. Na3 b5 10. Nd5 Be6 11. g3 Bg7 12. Bg2 O-O 13. O-O Rc8 14. c3 f5 15. exf5 Bxf5 16. Nc2 Na5 $146 ({RR} 16... Bg6 17. a4 f5 18. axb5 axb5 19. Ra6 e4 20. Ndb4 Nxb4 21. Rxd6 Qxd6 22. Qxd6 Nxc2 23. Qd2 Na3 24. bxa3 Rfd8 25. Qg5 Rd5 26. Bxe4 {1-0 Rogic,D (2270)-Enguidanos Gimeno,S Burriana op 1990 (1)}) ({RR} 16... Be6 17. a4 Ne7 18. Nxe7+ Qxe7 19. axb5 axb5 20. Nb4 Bc4 21. Re1 f5 22. Ra6 f4 23. Be4 fxg3 24. hxg3 Rf6 25. Nd5 Bxd5 26. Qxd5+ Kh8 27. Qxb5 Qf7 28. Qe2 Rf8 29. Rf1 Bh6 30. Ra8 d5 31. Rxf8+ {1-0 Lutz,A (2279)-Vogel,H GER-ch (Women) 2001 (6)}) 17. Nce3 Be6 18. a4 Nc4 19. axb5 axb5 20. Nxc4 bxc4 21. Ra6 Kh8 22. Nb4 Qg5 23. Rxd6 Rfd8 24. Nc6 Rxd6 25. Qxd6 Bf8 26. Qxe5+ Qxe5 27. Nxe5 Rb8 28. Rb1 Ba3 29. Bf1 Rxb2 30. Rxb2 Bxb2 31. Bxc4 Bxc4 32. Nxc4 Bxc3 33. Kg2 Kg7 34. Ne3 Be1 35. Kf3 Kg6 36. Ng2 Ba5 37. Ke4 Bb6 38. Nf4+ Kg5 39. f3 Ba7 40. Ne2 Kf6 41. Nd4 Bb8 42. Nf5 Ba7 43. Ne3 Bc5 44. Nd5+ Ke6 45. g4 f6 46. Nf4+ Kf7 47. Kf5 Bd6 48. h4 Be5 49. g5 Bb2 50. g6+ hxg6+ 51. Nxg6 Kg7 52. Nf4 Ba1 53. Nh5+ Kf7 54. Ng3 Bb2 55. Ne4 Kg7 56. Kg4 Kg6 57. Nd6 Bc3 58. Nf5 Bb2 59. h5+ Kh7 60. Kh4 Bc3 61. Ne3 Kh6 62. Ng4+ Kg7 63. Ne3 Ba1 64. f4 Bb2 65. f5 Bc3 66. Ng4 Ba1 67. Kg3 Bb2 68. Kf3 Ba1 69. Ke4 Bb2 70. Kd5 Ba1 71. Ke6 Bb2 72. Nxf6 Kh6 73. Ng4+ Kxh5 74. Ne5 Kh6 75. f6 Bc3 76. Ng4+ Kh7 77. f7 Kg7 78. Ke7 Bb4+ 79. Ke8 Ba3 80. Ne5 Kf6 81. Nc4 Bb4 82. Nb6 Ba3 83. Nd5+ Ke6 84. Nc7+ Kf6 85. Nb5 Bb4 86. Nc3 Ba3 87. Nd5+ Ke6 88. Nb6 Bb4 89. Nd7 Ba3 90. Nf8+ Kf6 91. Nh7+ Ke6 92. f8=Q Bxf8 93. Nxf8+ 1/2-1/2

[Event "45th Olympiad 2024"]
[Site "Budapest HUN"]
[Date "2024.09.16"]
[Round "6.57"]
[Board "4"]
[White "Bandara, Dhanushka"]
[Black "Wang, Ting-Hao"]
[Result "0-1"]
[WhiteElo "1903"]
[BlackElo "1842"]
[PlyCount "76"]
[EventDate "2024.09.11"]
[WhiteTeam "Sri Lanka"]
[BlackTeam "Chinese Taipei"]
[WhiteTeamCountry "SRI"]

1. e4 c6 2. d4 d5 3. exd5 cxd5 4. Bd3 Nc6 5. c3 Nf6 6. h3 g6 7. Qc2 e5 8. dxe5 Nxe5 9. Qe2 Qe7 10. Bb5+ Bd7 11. Bxd7+ Nfxd7 12. Be3 Bg7 13. Nd2 O-O 14. Ngf3 Rfe8 $146 ({RR} 14... Nxf3+ 15. Nxf3 Rfe8 16. O-O-O Nb6 17. Qb5 Nc4 18. Bg5 a6 19. Qxd5 Qe2 20. Nd2 Nxb2 21. Kxb2 Re5 22. Qc4 Qxc4 23. Nxc4 Rxg5 24. Ne3 Rb5+ 25. Kc2 Rc8 26. Rd3 Ra5 27. Kb3 Rb5+ 28. Kc2 Ra5 29. Kb3 {½-½ Ahmadzada,A (2505)-Durucay,U (2131) Bagcilar Municipality 2023 (3.1)}) ({RR} 14... b5 15. O-O Nxf3+ 16. Qxf3 Nf6 17. Bd4 a5 18. Rad1 b4 19. Rfe1 Qd6 20. Nb3 Rfc8 21. Nc1 bxc3 22. Bxc3 Rd8 23. Nd3 a4 24. Bb4 Qb6 25. Bc5 Qa6 26. Be7 Re8 27. Nb4 Qb7 28. Bxf6 Rxe1+ 29. Rxe1 {½-½ Nurgaliyeva,Z (2104)-Mou,I (2086) World Youth Girls U14 2023 (5.1)}) 15. O-O Nxf3+ 16. Nxf3 Bh6 17. Rfe1 Bxe3 18. Qxe3 Qxe3 19. Rxe3 Rxe3 20. fxe3 Re8 21. Kf2 Re6 22. Rd1 Nf6 23. Ke2 Rb6 24. Rd2 Kf8 25. Kd3 Ke7 26. Kd4 h6 27. Ne5 Ne4 28. Rc2 Ng3 29. Rf2 Nf5+ 30. Kxd5 Rb5+ 31. Ke4 Nd6+ 32. Kd4 Ke6 33. c4 Rxe5 34. b3 Nf5+ 35. Kc3 a5 36. g4 Nxe3 37. Kd2 f5 38. Rf3 fxg4 0-1

[Event "45th Olympiad 2024"]
[Site "Budapest HUN"]
[Date "2024.09.16"]
[Round "6.58"]
[Board "1"]
[White "Giron, Jorge Ernesto"]
[Black "Blackman, Justin"]
[Result "0-1"]
[WhiteElo "2276"]
[BlackElo "2265"]
[PlyCount "110"]
[EventDate "2024.09.11"]
[WhiteTeam "El Salvador"]
[BlackTeam "Barbados"]
[WhiteTeamCountry "ESA"]
[BlackTeamCountry "BAR"]

1. e4 c5 2. Nf3 d6 3. d4 cxd4 4. Nxd4 Nf6 5. Nc3 a6 6. Be3 e5 7. Nb3 Be7 8. f3 Be6 9. Qd2 h5 10. O-O-O Nbd7 11. Kb1 Rc8 12. Bd3 b5 13. h3 h4 14. f4 Nb6 ({RR} 14... Qc7 15. Rhe1 Nb6 16. Bxb6 Qxb6 17. Nd5 Bxd5 18. exd5 Rh5 19. fxe5 dxe5 20. Be2 Rf5 21. Bf3 Rd8 22. Qe2 Qc7 23. Rd3 Kf8 24. Rc3 Qd7 25. Re3 Bd6 26. Nd2 Rf4 {½-½ Kramnik,V (2807)-Anand,V (2753) Amber-blindfold 12th rapid 2003 (6)}) 15. Qf2 ({RR} 15. Bxb6 Qxb6 16. Rhe1 O-O 17. Rg1 exf4 18. Qxf4 Nh5 19. Qf3 Ng3 20. Nd5 Bxd5 21. exd5 Bf6 22. Rge1 Rfe8 23. c3 a5 24. a3 Rb8 25. Bc2 Rxe1 26. Rxe1 Be5 27. Qe3 Qxe3 28. Rxe3 b4 29. Nxa5 bxc3 {1-0 Fercec,N (2410)-Lavrencic,M (2299) 28th HIT Open 2024 (3.9)}) 15... Nbd7 $146 ({RR} 15... Nfd7 16. f5 Bc4 17. Bxc4 Rxc4 18. Rd3 b4 19. Nd5 Nxd5 20. exd5 Nf6 21. Nd2 Rc8 22. Bg5 Nd7 23. Bxe7 Qxe7 24. g4 hxg3 25. Rxg3 Rh7 26. a4 Nf6 27. Qg2 Qd7 28. Ne4 Ke7 29. b3 Qxf5 30. Ng5 {1-0 Svidler,P (2723)-Abdisalimov,A (2392) Titled Tuesday intern op 06th Oct blitz 2020 (4)}) ({RR} 15... Nfd7 16. fxe5 dxe5 17. Nd5 Nc4 18. Bc1 a5 19. Rhf1 a4 20. Nd2 Bc5 21. Qf3 Bd4 22. c3 Ba7 23. Nxc4 bxc4 24. Bc2 a3 25. Ba4 O-O 26. Qh5 Rb8 27. Bxd7 Bxd7 28. Bg5 Rxb2+ 29. Ka1 f6 30. Bxf6 {1-0 Ali Marandi,C (2371)-Golichenko,I (2451) Lvov Vasylyshyn Memorial GM 10th 2013 (3)}) 16. fxe5 Nxe5 17. Nd4 O-O 18. Nce2 Nh5 19. g4 hxg3 20. Qg1 Bh4 21. Nf4 Nxf4 22. Bxf4 Qa5 23. b3 Qc3 24. Ne2 Qc7 25. Rc1 Bc4 26. Qe3 Qa5 27. Nxg3 Bxd3 28. cxd3 Rc3 29. Bxe5 dxe5 30. Nf5 Rxc1+ 31. Rxc1 Bf6 32. Rc6 Rd8 33. Kb2 Qb4 34. a3 Qf8 35. Rxa6 b4 36. axb4 Qxb4 37. Rb6 Qa5 38. Rc6 Ra8 39. Qc1 Bg5 40. Qb1 Qa3+ 41. Kc2 Qb4 42. Rc3 g6 43. Ng3 Qd4 44. Nh1 Kg7 45. b4 Ra4 46. b5 Qa7 47. Rb3 Ra2+ 48. Rb2 Qc5+ 49. Kd1 Ra1 50. Qxa1 Qg1+ 51. Kc2 Qxa1 52. b6 Qxh1 53. b7 Qc1+ 54. Kb3 Qc7 55. Ka4 Qb8 0-1

[Event "45th Olympiad 2024"]
[Site "Budapest HUN"]
[Date "2024.09.16"]
[Round "6.58"]
[Board "2"]
[White "Lynch, Kemp"]
[Black "Chavez, Ricardo Ernesto"]
[Result "1-0"]
[WhiteElo "1944"]
[BlackElo "2185"]
[PlyCount "97"]
[EventDate "2024.09.11"]
[WhiteTeam "Barbados"]
[BlackTeam "El Salvador"]
[WhiteTeamCountry "BAR"]
[BlackTeamCountry "ESA"]

1. d4 Nf6 2. c4 c5 3. d5 e6 4. Nc3 exd5 5. cxd5 d6 6. e4 g6 7. Nf3 Bg7 8. Bf4 O-O 9. Be2 a6 10. a4 Qe7 11. Nd2 Nbd7 12. O-O Ne8 ({RR} 12... Rb8 13. Re1 Ne5 14. Be3 Ne8 15. f4 Nd7 16. Bf1 Nc7 17. a5 Nf6 18. h3 Rd8 19. Qf3 Nfe8 20. Nc4 Nb5 21. e5 Qc7 22. Rad1 Bf5 23. Qf2 Nd4 24. Bxd4 cxd4 25. Rxd4 h5 26. Na4 Bd7 27. Nab6 {1-0 Inarkiev,E (2664)-Vavulin,M (2442) RUS-chT blitz 2015 (4.14)}) 13. Re1 ({RR} 13. Bg3 f5 14. exf5 Rxf5 15. Bg4 Rf8 16. Be6+ Kh8 17. Nc4 Rb8 18. Ne4 Ne5 19. Nxe5 dxe5 20. Bxc8 Rxc8 21. d6 Qd7 22. Qd5 Rf5 23. Rfd1 b6 24. a5 Rc6 25. axb6 Rxb6 26. Qxc5 Rxb2 27. Rxa6 h6 {1-0 Chernobay,A (2490)-Gevorgyan,M (2219) Titled Tuesday intern op 06th Apr blitz 2021 (7)}) 13... Ne5 14. Nc4 $146 ({RR} 14. Bg3 g5 15. Nc4 Nxc4 16. Bxc4 Be5 17. Qd3 Bd7 18. a5 Nc7 19. Rab1 Rfc8 20. Ne2 Rab8 21. f4 gxf4 22. Nxf4 b5 23. axb6 Rxb6 24. Rf1 Qg5 25. b3 Rf8 26. Rbe1 f6 27. Kh1 Re8 28. Ne2 Re7 {1-0 Juhasz,B (2219)-Teglas,B (2021) HUN-chT2 Erkel 0607 2006 (7)}) ({RR} 14. h3 Rb8 15. Bg3 g5 16. Nf1 Nc7 17. a5 b5 18. axb6 Rxb6 19. Na4 Rb4 20. Nxc5 Rd4 21. Nd3 Rxe4 22. Nxe5 Bxe5 23. Bf3 Rxe1 24. Qxe1 Nb5 25. Ra4 Re8 26. Rc4 Bd7 27. Bxe5 dxe5 28. Bh5 Rc8 {1-0 Pasalic,H-Cebalo,M YUG-chT 22nd 1970 (5.5)}) 14... Rb8 15. a5 Bd7 16. Ra3 Nc7 17. Qd2 Rfe8 18. Rb3 f5 19. Rb6 Nxc4 20. Bxc4 Be5 21. Re2 Na8 22. Rb3 b5 23. axb6 Nxb6 24. Bxa6 Bxf4 25. Qxf4 g5 26. Qd2 f4 27. e5 dxe5 28. Ne4 Bf5 29. d6 Qf7 30. Nxc5 Kg7 31. h3 Qf6 32. Ne4 Bxe4 33. Rxe4 Red8 34. Rd3 Nd7 35. b4 Rb6 36. Bc4 Rdb8 37. Bb3 Ra8 38. Qc3 Raa6 39. b5 Rxb5 40. Qc7 Qf5 41. Ba4 Rb1+ 42. Kh2 Qxe4 43. Qxd7+ Kh6 44. Bc2 Rc1 45. Ra3 Rxc2 46. Rxa6 Rxf2 47. Qg4 Qg6 48. d7 Qxa6 49. d8=Q 1-0

[Event "45th Olympiad 2024"]
[Site "Budapest HUN"]
[Date "2024.09.16"]
[Round "6.58"]
[Board "4"]
[White "Depradine, Lawrence"]
[Black "Guevara Ruiz, Marvin Andres"]
[Result "0-1"]
[WhiteElo "1782"]
[BlackElo "2003"]
[PlyCount "38"]
[EventDate "2024.09.11"]
[WhiteTeam "Barbados"]
[BlackTeam "El Salvador"]
[WhiteTeamCountry "BAR"]
[BlackTeamCountry "ESA"]

1. c4 e6 2. Nf3 d5 3. e3 c5 4. d4 Nf6 5. Nc3 Nc6 6. a3 dxc4 7. Bxc4 a6 8. Bd3 cxd4 9. exd4 Be7 10. O-O O-O 11. Bc2 b5 12. Ne4 $146 ({RR} 12. Be3 Bb7 13. Qe2 Rc8 14. Rac1 Na5 15. Ne5 Nc4 16. Nxc4 bxc4 17. Bb1 Qd7 18. Ba2 Bd5 19. Bf4 Qb7 20. Nxd5 exd5 21. Rc3 Rfe8 22. Be5 Ne4 23. Re3 Bg5 24. f4 Bf6 25. Bxc4 dxc4 26. Rxe4 Bd8 {½-½ Bogoljubow,E-Fine,R Zandvoort 1936 (9)}) ({RR} 12. Qd3 Bb7 13. Re1 g6 14. Bh6 Re8 15. Rad1 Rc8 16. Bb1 b4 17. axb4 Nxb4 18. Qe2 Nbd5 19. Nxd5 Nxd5 20. Be4 Bb4 21. Rf1 Bd6 22. h4 f5 23. Bb1 Bf4 24. Bg5 Bxg5 25. hxg5 Nf4 26. Qe3 Bxf3 {½-½ Wojtaszek,R (2694)-Gajewski,G (2596) POL-ch 78th Bydgoszcz 2021 (2.2)}) ({RR} 12. Qd3 Bb7 13. Bg5 g6 14. Rfd1 b4 15. Na4 Nd5 16. Bh6 Re8 17. Nc5 Bxc5 18. dxc5 Qf6 19. Ba4 Qxb2 20. Rab1 Qc3 21. axb4 Qxd3 22. Rxd3 Red8 23. Bxc6 Bxc6 24. Nd4 Bb5 25. Nxb5 axb5 26. g3 f6 {0-1 Sivuk,V (2502)-Paravyan,D (2612) Chessable Masters Play-In 2024 (3)}) ({RR} 12. Qd3 Bb7 13. Bg5 g6 14. Rad1 b4 15. Na4 bxa3 16. bxa3 Na5 17. Nc5 Bc6 18. Rfe1 Bxc5 19. dxc5 Qxd3 20. Bxd3 Nd5 21. Rb1 Rfc8 22. Bd2 Nb7 23. Rec1 Ne7 24. Ne5 Ra7 25. Rb6 Bd5 26. c6 Nd6 {1-0 Donner,J-Van Scheltinga,T Hoogovens Wijk aan Zee 1969 (12)}) 12... Qc7 13. Qd3 g6 14. Bh6 Rd8 15. Rfe1 Bb7 16. Nxf6+ Bxf6 17. Rad1 Nxd4 18. Nxd4 Rxd4 19. Qe2 Rh4 0-1

[Event "45th Olympiad 2024"]
[Site "Budapest HUN"]
[Date "2024.09.16"]
[Round "6.59"]
[Board "2"]
[White "Nader Obeid"]
[Black "Kanegeni, Matthew Kamau"]
[Result "1-0"]
[WhiteElo "2083"]
[BlackElo "1976"]
[PlyCount "67"]
[EventDate "2024.09.11"]
[WhiteTeam "Sudan"]
[BlackTeam "Kenya"]
[WhiteTeamCountry "SUD"]
[BlackTeamCountry "KEN"]

1. d4 Nf6 2. Bf4 c5 3. e3 Qb6 4. Na3 d6 5. Nc4 Qc7 6. c3 ({RR} 6. Nf3 Nh5 7. Bg3 Nxg3 8. hxg3 g6 9. a4 Bg7 10. d5 b6 11. c3 Nd7 12. e4 O-O 13. Bd3 Bb7 14. O-O Rae8 15. Ne3 a6 16. Re1 Nf6 17. Qb3 Rb8 18. Qc2 Rfe8 19. Nd2 h5 20. Nf3 Bc8 {0-1 Kamsky,G (2663)-Wei Yi (2722) Titled Tue 21st Mar Early 2023 (11)}) 6... Nbd7 $146 ({RR} 6... Be6 7. Rc1 Nbd7 8. Nf3 h6 9. h3 g6 10. Be2 Bg7 11. O-O O-O 12. Bh2 Rfc8 13. a4 Nb6 14. Na3 cxd4 15. exd4 a6 16. Nd2 Qc6 17. a5 Nbd7 18. c4 d5 19. Bf3 Bf5 20. cxd5 Qxc1 21. Qxc1 {1-0 Karas,M (2303)-Xiong,J (2686) Titled Tuesday intern op 14th Dec blitz 2021 (1)}) ({RR} 6... g6 7. Nf3 Bg7 8. h3 O-O 9. Be2 b5 10. Ncd2 a6 11. O-O Bb7 12. a4 b4 13. Bh2 bxc3 14. bxc3 Nd5 15. Qc2 cxd4 16. exd4 Nxc3 17. Bd3 Ne2+ 18. Kh1 Qxc2 19. Bxc2 Nc6 20. Rab1 Rab8 21. d5 {1-0 Exposito Milan,A (2246)-Petesch,G (2329) Titled Tue 27th Aug Early 2024 (7)}) ({RR} 6... g6 7. a4 Bg7 8. Nf3 O-O 9. Be2 Nh5 10. Bg3 cxd4 11. cxd4 Nc6 12. O-O Bd7 13. Rc1 Nxg3 14. hxg3 Na5 15. Nce5 Qd8 16. Nxd7 Qxd7 17. b4 Nc6 18. Qb3 Rfc8 19. Rc2 a5 20. Bb5 Qf5 21. Bxc6 {1-0 Sahil,T (2201)-Pinto,D (2215) Titled Tuesday intern op 24th Aug blitz 2021 (10)}) 7. Nf3 b5 8. Ncd2 Rb8 9. h3 g6 10. a4 a6 11. axb5 axb5 12. Qb3 c4 13. Qc2 Bg7 14. Be2 O-O 15. O-O Bb7 16. e4 Rfe8 17. d5 Nc5 18. Nd4 Ba8 19. Rxa8 Rxa8 20. Nxb5 Qd7 21. Bxc4 Reb8 22. Nd4 Qa4 23. b3 Qa2 24. Qxa2 Rxa2 25. b4 Rxd2 26. Bxd2 Nfxe4 27. Be3 Na4 28. Nc6 Rb7 29. Ba6 Rd7 30. c4 Nec3 31. b5 Ne4 32. b6 Nec5 33. Bxc5 Nxc5 34. Bc8 1-0

[Event "45th Olympiad 2024"]
[Site "Budapest HUN"]
[Date "2024.09.16"]
[Round "6.59"]
[Board "3"]
[White "Oluka Robert Mcligeyo"]
[Black "Hamid Ibrahim"]
[Result "1-0"]
[WhiteElo "1990"]
[BlackElo "2090"]
[PlyCount "173"]
[EventDate "2024.09.11"]
[WhiteTeam "Kenya"]
[BlackTeam "Sudan"]
[WhiteTeamCountry "KEN"]
[BlackTeamCountry "SUD"]

1. e4 b6 2. d4 Bb7 3. Bd3 Nf6 4. Nc3 e6 5. a3 Be7 6. Nf3 d5 7. e5 Nfd7 8. Ne2 ({RR} 8. O-O c5 9. dxc5 bxc5 10. b3 Nc6 11. Re1 O-O 12. Bb2 a6 13. Ne2 Qb6 14. Rb1 Rac8 15. Ng3 Rfd8 16. Qe2 Nf8 17. h4 Na5 18. Nf1 c4 19. bxc4 Nxc4 20. Bd4 Qc6 21. Bxc4 dxc4 22. c3 Bxa3 {1-0 Bubnova,U (1888)-Shubenkova,V (2024) Swiss Queens Wed #31 2024 (1.235)}) 8... c5 9. c3 Nc6 ({RR} 9... Ba6 10. Nf4 Qc8 11. O-O Bxd3 12. Qxd3 Qa6 13. Qd1 Nc6 14. Be3 Na5 15. Nd2 g6 16. b4 Nc4 17. Qe2 cxd4 18. Bxd4 Rc8 19. Nxd5 exd5 20. e6 Nf6 21. exf7+ Kf8 22. Qe6 Nh5 23. Rfe1 Qb7 24. Nxc4 {1-0 Ehlvest,J (2599)-Blatny,P (2452) New York Masters 88th rapid 2004 (4)}) 10. O-O Qc7 $146 ({RR} 10... c4 11. Bc2 b5 12. Bf4 a5 13. Qd2 b4 14. Ba4 b3 15. Ng3 h6 16. h3 Qc7 17. Rfe1 O-O-O 18. Rac1 Rdg8 19. Nf1 g5 20. Bg3 Nf8 21. Ne3 h5 22. Re2 Qd8 23. Rce1 Ng6 24. Nf1 Rg7 25. Ne3 {0-1 Burgerhoff,T-Rikumahu,F Vlissingen HZ op 03rd 1999 (6)}) ({RR} 10... a5 11. a4 Ba6 12. Bxa6 Rxa6 13. Qd3 Qc8 14. Bf4 c4 15. Qc2 Na7 16. Nd2 b5 17. axb5 Nxb5 18. Ra2 Nb6 19. Rfa1 a4 20. Be3 O-O 21. f4 Qc6 22. Ng3 Rfa8 23. f5 a3 24. fxe6 fxe6 25. Rf1 {0-1 Oberhofer,M (1606)-Wagner,R (1993) Bayernliga U20 1415 2014 (5.5)}) 11. Bc2 a6 12. Be3 c4 13. a4 h6 14. Nd2 g6 15. f4 Kf8 16. Kh1 h5 17. Nf3 Kg7 18. Ng5 Nf8 19. Qb1 Rb8 20. h4 Bc8 21. Ng1 b5 22. N1h3 b4 23. Qe1 Bd7 24. Qg3 bxc3 25. bxc3 Rb2 26. Rf2 Bxg5 27. Nxg5 Ne7 28. Bxg6 Nfxg6 29. Rxb2 Nf5 30. Qf2 Ngxh4 31. g3 Nxe3 32. Qxe3 Nf5 33. Qf3 f6 34. exf6+ Kxf6 35. Rab1 Bc8 36. Kg2 Qd7 37. Qe2 Qc7 38. Rb6 Re8 39. Qxh5 Rg8 40. Qe2 Re8 41. Rb8 Kg6 42. R1b7 Qxb7 43. Rxb7 Bxb7 44. g4 Nd6 45. Qe5 Ne4 46. Nxe6 Kf7 47. f5 Rg8 48. Qc7+ Kf6 49. Qxb7 Rxg4+ 50. Kf1 Nxc3 51. Nc7 Rxd4 52. Qb6+ Ke5 53. Qe6+ Kf4 54. Qh6+ Ke4 55. Qh4+ Ke5 56. Qg3+ Rf4+ 57. Qxf4+ Kxf4 58. f6 d4 59. f7 d3 60. f8=Q+ Ke3 61. Qf2+ Ke4 62. Qe1+ Ne2 63. Nxa6 Kd4 64. Nc7 c3 65. Nb5+ Kc4 66. Qh4+ Kb3 67. Nd4+ Nxd4 68. Qxd4 Kc2 69. Qe4 Kd2 70. Kf2 Kc1 71. Qxd3 c2 72. Qxc2+ Kxc2 73. a5 Kd3 74. a6 Kd4 75. a7 Ke4 76. a8=Q+ Kd4 77. Qc6 Ke5 78. Qc4 Kf5 79. Qd4 Kg5 80. Qe4 Kf6 81. Qd5 Kg6 82. Qe5 Kh6 83. Qg3 Kh5 84. Kf3 Kh6 85. Kf4 Kh7 86. Kf5 Kh8 87. Kf6 1-0

[Event "45th Olympiad 2024"]
[Site "Budapest HUN"]
[Date "2024.09.16"]
[Round "6.60"]
[Board "3"]
[White "Anas Khwaira"]
[Black "Nascimento Admilton de Ceita dos Santos"]
[Result "1-0"]
[WhiteElo "1994"]
[BlackElo "1908"]
[PlyCount "75"]
[EventDate "2024.09.11"]
[WhiteTeam "Jordan"]
[BlackTeam "Sao Tome and Principe"]
[WhiteTeamCountry "JOR"]
[BlackTeamCountry "SAO"]

1. d4 {Bareev,Evgeny} d6 2. c4 g6 3. Nc3 Bg7 4. e4 Nf6 5. h3 O-O 6. Bg5 c6 7. Bd3 e5 ({RR} 7... Qb6 8. Na4 Qa5+ 9. Bd2 Qc7 10. Nf3 e5 11. dxe5 ({RR} 11. d5 b5) 11... dxe5 12. O-O Rd8 13. Qc2 b6 ({RR} 13... c5) 14. b4 Nbd7 15. Rfd1 Bb7 ({RR} 15... Nf8) 16. c5 b5 17. Nb2 Nf8 18. Bc3 Nh5 19. Bf1 Ne6 20. Rxd8+ Rxd8 21. Nd3 Nd4 ({RR} 21... f6) 22. Bxd4 {1-0 Bareev,E (2660)-Kozul,Z (2595) Interzonal-16 1993 (2)}) 8. d5 Qc7 ({RR} 8... Qa5 9. Nge2 Na6 10. a3 Nc5 11. Bc2 Ncxe4 12. b4 Nxc3 13. Nxc3 Qc7 14. O-O Re8 15. Re1 Bd7 16. Qd2 c5 17. Bd3 Re7 18. Re2 Rae8 19. Rae1 cxb4 20. axb4 b6 21. c5 bxc5 22. bxc5 Qxc5 23. Bxf6 {1-0 Schmitz,B (1387)-Hafner,H (1155) 32nd Schlosspark Open 2023 (4.84)}) 9. Nge2 h6 $146 ({RR} 9... Nbd7 10. O-O Nc5 11. Bc2 a5 12. a3 h6 13. Be3 Ne8 14. b4 Nd7 15. c5 dxc5 16. bxc5 Nef6 17. d6 Qd8 18. Rb1 Nh5 19. Na4 Rb8 20. Qd2 Kh7 21. Nb6 Nf4 22. Bxf4 exf4 23. Nxd7 Bxd7 24. Qxf4 {1-0 Avdeeva,V (2134)-Platonova,L (1982) RUS-ch (Women) 1st League 57th 2007 (8)}) ({RR} 9... Na6 10. O-O Nc5 11. Bc2 a5 12. Kh1 Ne8 13. Be3 Na6 14. a3 Rb8 15. Rb1 c5 16. f4 exf4 17. Bxf4 Qe7 18. Qe1 Nac7 19. Qg3 b5 20. b4 axb4 21. axb4 cxb4 22. c5 bxc3 23. cxd6 Qd7 24. dxc7 {1-0 L'Ami,A-Alcivar Torres,I Wch U12 Girls 1997 (6)}) 10. Be3 Na6 11. Qd2 Kh7 12. Rd1 Qe7 13. f3 Ne8 14. g4 Qf6 15. Ng1 Qh4+ 16. Bf2 Qe7 17. Nge2 Kg8 18. Ng3 Nf6 19. h4 Ne8 20. a3 Nc5 21. Bc2 Qf6 22. Ke2 Qe7 23. Be3 Kh7 24. b4 Na6 25. Kf2 Nac7 26. dxc6 bxc6 27. c5 Ne6 28. cxd6 Qd7 29. Nf5 gxf5 30. exf5 Nd4 31. Bxd4 f6 32. Be3 Ba6 33. g5 Bc4 34. g6+ Kg8 35. Bxh6 Qxd6 36. Qxd6 Nxd6 37. Bxg7 Nxf5 38. Bxf5 1-0